00619nam a22002057a 450000500170000001000130001702000260003003500130005603700280006908200160009710000220011324500950013525000110023026000390024127000430028030000330032350000180035670000220037470000170039620211109144644.0 aB-741830 a9780070144941c199.00 aB-741830 bTata Mc Graw Hill /Gift a658.4038011 aO'Brien, James A. aManagement information systems /cby James A. O'Brien, George M. Marakas [and] Ramesh Behl a9th ed aNew DelhibTata Mc Graw Hillc2010 a7 West Patel Nagar,bNew Delhie110008 axxx, 831p.:bill.c24cm(pbk) ainclude index aMarakas, George M aBehl, Ramesh